Raising your children toward emotional and spiritual maturity. (Record no. 14735)

000 -LEADER
fixed length control field 00588nam a2200193 a 4500
001 - CONTROL NUMBER
control field :::00012569$&:&@@
003 - CONTROL NUMBER IDENTIFIER
control field OkBaRHE
005 - DATE AND TIME OF LATEST TRANSACTION
control field 20000607103420.0
008 - FIXED-LENGTH DATA ELEMENTS--GENERAL INFORMATION
fixed length control field s1977 j 000 0 eng u
020 ## - INTERNATIONAL STANDARD BOOK NUMBER
International Standard Book Number 0876804911
040 ## - CATALOGING SOURCE
Transcribing agency
100 1# - MAIN ENTRY--PERSONAL NAME
Personal name Wilt, Joy.
245 10 - TITLE STATEMENT
Title Raising your children toward emotional and spiritual maturity.
260 ## - PUBLICATION, DISTRIBUTION, ETC. (IMPRINT)
Place of publication, distribution, etc Waco, TX., :
Name of publisher, distributor, etc Word Books
Date of publication, distribution, etc c1977
300 ## - PHYSICAL DESCRIPTION
Extent 201 p. : illus. ;
Dimensions 23 cm.
650 ## - SUBJECT ADDED ENTRY--TOPICAL TERM
Topical term or geographic name as entry element Child Rearing
942 ## - ADDED ENTRY ELEMENTS (KOHA)
Source of classification or shelving scheme
Koha item type Books
Copies
Koha item type Permanent Location Source of classification or shelving scheme Barcode Copy number Lost status Price effective from Not for loan Date last seen Date acquired Withdrawn status Shelving location Full call number Damaged status
BooksRHEMA Bible Training College 125691 2010-04-14 2010-04-142010-04-14 General StacksHQ 769 .W785